| 000 | 01918nam a22002177a 4500 | ||
|---|---|---|---|
| 003 | OSt | ||
| 005 | 20260313091811.0 | ||
| 008 | 260313b |||||||| |||| 00| 0 eng d | ||
| 020 | _a9780415125239 | ||
| 040 |
_aDLC _ben _cDLC |
||
| 050 | _aDUCE GE160.I4 G33 | ||
| 100 |
_aGadgil, Madhav _qMadhav Gadgil |
||
| 245 |
_aEcology and equity : _bthe use and abuse of nature in contemporary India/ _cBy Madhav Gadgil and Ramachandra Guha |
||
| 260 |
_aLondon: _bRoutledge, _c1995. |
||
| 300 |
_axi, 213 p. : _b ill. ; _c24 cm. |
||
| 500 | _aIncludes bibliographical references and index | ||
| 520 |
_aThe book examines how environmental resources in contemporary India are used, controlled, and often exploited, and how this process is closely tied to issues of social justice and inequality. Gadgil and Guha argue that environmental degradation is not only an ecological problem but also a social and political one. They show that the benefits of natural resource use—such as forests, water, and minerals—are often captured by powerful groups, including industries, urban populations, and the state, while the costs are disproportionately borne by rural communities, tribal groups, and the poor.
Through historical analysis and case studies, the authors demonstrate how development policies and large-scale projects have led to deforestation, displacement, and the marginalization of communities that traditionally depended on local ecosystems. The book highlights conflicts between conservation efforts, economic development, and the livelihoods of local people, emphasizing that environmental management must incorporate both ecological sustainability and social equity _uhttp://172.20.27.22:4000/handle/123456789/133 |
||
| 700 |
_a Guha, Ramachandra _eContributor _qRamachandra Guha |
||
| 856 |
_yhttp://172.20.27.22:4000/handle/123456789/133 _uhttp://172.20.27.22:4000/handle/123456789/133 |
||
| 942 |
_2lcc _cBK _n0 |
||
| 999 |
_c4405 _d4405 |
||